ASME 2017 12th International Manufacturing Science and Engineering Conference collocated with the JSME/ASME 2017 6th International Conference on Materials and Processing - Volume 2: Additive Manufacturing; Materials

التفاصيل البيبلوغرافية
التنسيق: الكتروني دورية
اللغة:English
منشور في: ASME
الوصول للمادة أونلاين:Full text available on ASME[2017-2017]
Off-campus access
LEADER 01106cas a2200181 a 4500
001 AALConferenceProceedingsASME001015
008 230101c9999 xx r poo 0 0eng d
020 |a 978-0-7918-5073-2 
040 |a BD-DhAAL  |c BD-DhAAL 
245 0 0 |h [electronic resource]  |a ASME 2017 12th International Manufacturing Science and Engineering Conference collocated with the JSME/ASME 2017 6th International Conference on Materials and Processing - Volume 2: Additive Manufacturing; Materials 
260 |b ASME 
300 |a 1 online resource 
500 |a <strong>Off-Campus Access:</strong> Athens ID and Password Required 
500 |a <strong>On-Campus Access:</strong> No User ID or Password Required 
506 |a Electronic access restricted to authorized BRAC University faculty, staff and students 
538 |a Mode of access: Internet 
856 4 0 |z Full text available on ASME[2017-2017]  |u https://asmedigitalcollection.asme.org/MSEC/MSEC2017/volume/50732 
856 4 0 |z Off-campus access  |u https://go.openathens.net/redirector/bracu.ac.bd?url=https%3A%2F%2Fasmedigitalcollection.asme.org%2FMSEC%2FMSEC2017%2Fvolume%2F50732